Mayores exportadores de cigarrillos - Estadísticas

Estadísticas generales
  • Esta prueba ha sido intentada 16 veces
  • La puntuación promedio es 9 de 18
Estadísticas de respuestas
Toneladas País % Correcto
27,284 China
100%
44,326 Turquía
80%
44,993 Alemania
73%
193,769 Indonesia
73%
23,596 Grecia
60%
167,125 Polonia
53%
30,979 Portugal
53%
36,478 República Checa
53%
39,683 Rumanía
53%
35,495 Serbia
53%
29,663 Filipinas
47%
32,116 Armenia
40%
55,584 Corea del Sur
40%
21,615 Taiwán
33%
31,333 Lituania
27%
29,726 Países Bajos
27%
17,877 Emiratos Árabes Unidos
7%
22,483 Singapur
7%
No se encontraron pruebas coincidentes
Distribución de puntuación
Porcentaje de gente con cada puntuación
Porcentaje por número respondido
Historial de tus puntuaciones
No has intentado esta prueba.